Fr. Conceicao Rodrigues College of Engineering

Welders Solved Papers (Record no. 26632)

MARC details
000 -LEADER
fixed length control field 00258nam a2200133Ia 4500
100 ## - MAIN ENTRY--PERSONAL NAME
Personal name Kumar/A
245 ## - TITLE STATEMENT
Title Welders Solved Papers
260 ## - PUBLICATION, DISTRIBUTION, ETC.
Name of publisher, distributor, etc. none
300 ## - PHYSICAL DESCRIPTION
Extent 73
546 ## - LANGUAGE NOTE
Language note ENGLISH
654 ## - SUBJECT ADDED ENTRY--FACETED TOPICAL TERMS
Focus term Welder solved papers
942 ## - ADDED ENTRY ELEMENTS (KOHA)
Koha item type BOOK
Holdings
Withdrawn status Lost status Damaged status Not for loan Collection Home library Current library Date acquired Total Checkouts Full call number Barcode Date last seen Price effective from Koha item type
        ITI Fr. Agnel's C.Rodrigues College of Engineering Fr. Agnel's C.Rodrigues College of Engineering 17/03/2023   ITI64 17/03/2023 17/03/2023 BOOK